000 01010nam a22002297a 4500
999 _c58203
_d58203
003 Ge_BSU
005 20210923110951.0
008 210914s2019 ge ||||| |||| 00| 0 geo d
020 _a9789941488252
041 _ageo
080 _a001:1 ბ-53
100 _aბერიძე, ვარდო
_95884
245 _aმეცნიერების ფილოსოფია /
_cვარდო ბერიძე; რედ. მიხეილ მახარაძე; ბსუ.
264 _aბათუმი :
_bბსუ,
_c2019.
300 _a299 გვ.
_b24 სმ.
504 _aბიბლიოგრ. გვ. 291-295
653 _aფილოსოფია
653 _aსახელმძვანელო
700 _aმახარაძე, მიხეილ
_eრედაქტორი
_912468
710 _aბათუმის შოთა რუსთაველის სახელმწიფო უნივერსიტეტი
_912469
942 _2udc
_cBK